Biometria živočíchov a človeka

Saved in:
Bibliographic Details
Main Authors: Poráčová, Janka (Author), Nagy, Melinda (Author), Zahatňanská, Mária (Author)
Format: Book
Language:Slovak
Published: Prešov : Fakulta humanitných a prírodných vied PU, 2011
Edition:1. vyd.
Subjects:
Tags: Add Tag
No Tags, Be the first to tag this record!

MARC

LEADER 00000nam a22000003a 4500
001 stu244758
005 20150617230151.3
008 120320s2011----xo------------------slo-d
020 |a 978-80-555-0475-9 
040 |a STU  |b slo 
041 0 |a slo 
044 |a xo 
100 1 |a Poráčová, Janka  |4 aut 
245 1 |a Biometria živočíchov a človeka 
250 |a 1. vyd. 
260 |a Prešov :  |b Fakulta humanitných a prírodných vied PU,  |c 2011 
300 |a 357 s 
650 7 |a biometria  |2 stusub 
700 1 |a Nagy, Melinda  |4 aut 
700 1 |a Zahatňanská, Mária  |4 aut 
996 |b 284EK88887  |c E*88887  |l EE01  |s A  |a 24  |w stu244758_0001